| 000 | 00488nam a22001817a 4500 | ||
|---|---|---|---|
| 005 | 20210219105140.0 | ||
| 008 | 210219b ||||| |||| 00| 0 eng d | ||
| 020 | _a9789386053404 | ||
| 040 |
_aIN-DiNC _cIN-DiNC |
||
| 041 | _deng | ||
| 082 |
_a338.9 _bSAN |
||
| 100 |
_aSankar, K Ravi _eauthor |
||
| 245 |
_aDevelopment economics (Part-II) / _cby K Ravi Sankar |
||
| 260 |
_aNew Delhi: _bWisdom press, _c2018 |
||
| 300 | _av, 228p. | ||
| 650 | _aEconomic development | ||
| 942 |
_2ddc _cBK |
||
| 999 |
_c11140 _d11140 |
||